000 00612nam a2200193 i 4500
001 52795
003 ES-MaACL
005 20230906162639.0
007 t|
008 030904s1969 sp ||||1| spa d
100 1 _aDechaume, Michel.
_943161
245 1 0 _aEstomatología /
_cpor Michel Dechaume ; versión A. Jornet ; revisión Eduardo Padrós de Palacios.
250 _a[1ª ed.].
260 _aBarcelona :
_bToray Masson,
_c[1969]
300 _aXX, 956 p. :
_bil. ;
_c25 cm.
700 1 _aPadrós de Palacios, Eduardo.
_988215
700 1 _aJornet Cases, A.
_966960
852 _aES-MaACL
_jC-36930
_bR.69141
999 _c52795
_d52795